Online
Catalog

Arte y reglas de la lengua tagala / (Record no. 37124)

MARC details
000 -CABECERA
campo de control de longitud fija 00830nam a2200205 a 4500
001 - NÚMERO DE CONTROL
campo de control 000037634
005 - FECHA Y HORA DE LA ÚLTIMA TRANSACCIÓN
campo de control 20201002031107.0
008 - DATOS DE LONGITUD FIJA--INFORMACIÓN GENERAL
campo de control de longitud fija 121010s1997 sp 000 0 spa d
020 ## - NÚMERO INTERNACIONAL ESTÁNDAR DEL LIBRO
Número Internacional Estándar del Libro 8472327604
040 ## - FUENTE DE LA CATALOGACIÓN
Centro catalogador/agencia de origen DO-SdBNP
Lengua de catalogación spa
Centro/agencia transcriptor BNPHU
082 ## - NÚMERO DE LA CLASIFICACIÓN DECIMAL DEWEY
Número de clasificación xxxx
Número de documento/Ítem xxxx
100 1# - ENTRADA PRINCIPAL--NOMBRE DE PERSONA
Nombre de persona Francisco de San José
Fechas asociadas al nombre 1560-1614
Títulos y otros términos asociados al nombre Fray
9 (RLIN) 64106
245 10 - MENCIÓN DE TÍTULO
Título Arte y reglas de la lengua tagala /
Mención de responsabilidad, etc. Fray Francisco de San José; estudio y edición de Antonio Quilis.
260 ## - PUBLICACIÓN, DISTRIBUCIÓN, ETC.
Lugar de publicación, distribución, etc. Madrid :
Nombre del editor, distribuidor, etc. Ediciones de Cultura Hispánica, Agencia Española de Cooperación Internacional :
-- Ediciones UNESCO,
Fecha de publicación, distribución, etc. 1997.
300 ## - DESCRIPCIÓN FÍSICA
Extensión 2 v. ;
Dimensiones 20 cm.
500 ## - NOTA GENERAL
Nota general Vol. 1: Facsim. ed. of: Partido de Bataan : T.P. Tagalo, 1610.
504 ## - NOTA DE BIBLIOGRAFÍA, ETC.
Nota de bibliografía, etc. Bibliografía : p. 81-84
533 ## - NOTA DE REPRODUCCIÓN
Tipo de reproducción v.1, Facsímil:
Lugar de la reproducción Partido de Bataan :
Institución responsable de la reproducción T.P. Tagalo
Fecha de la reproducción 1610
700 1# - PUNTO DE ACCESO ADICIONAL--NOMBRE DE PERSONA
Nombre de persona Quilis, Antonio
9 (RLIN) 28481
Holdings
Estado de retiro Estado de pérdida Restricciones de uso No para préstamo Código de colección Localización permanente Ubicación/localización actual Ubicación en estantería Fecha de adquisición Número de inventario Total de préstamos Signatura topográfica completa Código de barras Fecha visto por última vez Precio válido a partir de Tipo de ítem Koha
      Excluido de préstamo Monografías: Libros y Folletos General General Depósito 10.10.2012 LF1   xxxx xxxx 37634-10 25.06.2020 25.06.2020 No se presta

Powered by Koha